Applied Security Visualization / (Record no. 11142)
[ view plain ]
| 000 -LEADER | |
|---|---|
| fixed length control field | 01229cam a2200313 a 4500 |
| 001 - CONTROL NUMBER | |
| control field | 15311918 |
| 005 - DATE AND TIME OF LATEST TRANSACTION | |
| control field | 20201128020720.0 |
| 008 - FIXED-LENGTH DATA ELEMENTS--GENERAL INFORMATION | |
| fixed length control field | 080602s2009 njuabf b 001 0 eng |
| 010 ## - LIBRARY OF CONGRESS CONTROL NUMBER | |
| LC control number | 2008023598 |
| 015 ## - NATIONAL BIBLIOGRAPHY NUMBER | |
| National bibliography number | GBA894671 |
| Source | bnb |
| 016 7# - NATIONAL BIBLIOGRAPHIC AGENCY CONTROL NUMBER | |
| Record control number | 014681154 |
| Source | Uk |
| 020 ## - INTERNATIONAL STANDARD BOOK NUMBER | |
| International Standard Book Number | 0321510100 (pbk. : alk. paper) |
| 020 ## - INTERNATIONAL STANDARD BOOK NUMBER | |
| International Standard Book Number | 9780321510105 (pbk. : alk. paper) |
| 035 ## - SYSTEM CONTROL NUMBER | |
| System control number | (OCoLC)ocn227921903 |
| 035 ## - SYSTEM CONTROL NUMBER | |
| System control number | (OCoLC)227921903 |
| 040 ## - CATALOGING SOURCE | |
| Original cataloging agency | DLC |
| Transcribing agency | DLC |
| Modifying agency | DLC |
| 050 00 - LIBRARY OF CONGRESS CALL NUMBER | |
| Classification number | TK5105.59 |
| Item number | .M369 2009 |
| 082 00 - DEWEY DECIMAL CLASSIFICATION NUMBER | |
| Classification number | 005.8 |
| Edition number | 22 |
| Item number | MAR |
| 100 1# - MAIN ENTRY--PERSONAL NAME | |
| Personal name | Marty, Raffael, |
| Dates associated with a name | 1976- |
| 9 (RLIN) | 2946 |
| 245 10 - TITLE STATEMENT | |
| Title | Applied Security Visualization / |
| Statement of responsibility, etc | Raffael Marty. |
| 260 ## - PUBLICATION, DISTRIBUTION, ETC. (IMPRINT) | |
| Place of publication, distribution, etc | Upper Saddle River, NJ : |
| Name of publisher, distributor, etc | Addison-Wesley, |
| Date of publication, distribution, etc | c2009. |
| 300 ## - PHYSICAL DESCRIPTION | |
| Extent | xxiii, 523 p., [16] p. of plates : |
| Other physical details | ill. (some col.), maps (some col.) ; |
| Dimensions | 24 cm. + |
| Accompanying material | 1 CD-ROM (4 3/4 in.) |
| 504 ## - BIBLIOGRAPHY, ETC. NOTE | |
| Bibliography, etc | Includes bibliographical references and index. |
| 650 #0 - SUBJECT ADDED ENTRY--TOPICAL TERM | |
| Topical term or geographic name as entry element | Computer networks |
| General subdivision | Security measures. |
| 9 (RLIN) | 2947 |
| 650 #0 - SUBJECT ADDED ENTRY--TOPICAL TERM | |
| Topical term or geographic name as entry element | Information visualization. |
| 9 (RLIN) | 2948 |
| 650 #0 - SUBJECT ADDED ENTRY--TOPICAL TERM | |
| Topical term or geographic name as entry element | Computer security. |
| 9 (RLIN) | 2949 |
| 942 ## - ADDED ENTRY ELEMENTS (KOHA) | |
| Source of classification or shelving scheme | Dewey Decimal Classification |
| Item type | Book - Borrowing |
| Withdrawn status | Item status | Source of classification or shelving scheme | Damaged status | Not for loan | Vendor | Home library | Current library | Shelving location | Date acquired | Source of acquisition | Cost, normal purchase price | Serial Enumeration / chronology | Total Checkouts | Full call number | Barcode | Date last seen | Date last borrowed | Koha item type |
|---|---|---|---|---|---|---|---|---|---|---|---|---|---|---|---|---|---|---|
| Dewey Decimal Classification | Alahram | Central Library | Central Library | Lower Floor | 31/03/2009 | 309.00 | 377 | 1 | 005.8 MAR | 000015741 | 15/07/2025 | 10/10/2012 | Book - Borrowing | |||||
| Dewey Decimal Classification | Alahram | Central Library | Central Library | Lower Floor | 31/03/2009 | 005.8 MAR | 000015743 | 24/08/2022 | CD | DVD - With book |